Sports Quiz

Random Sports or NBA Quiz

NBA All-Time Scoring Leaders Quiz Stats

 Plays Quiz not verified by Sporcle

Score 0/251 Timer 15:00
1 Play Today
PTS Player % Correct
38387Kareem Abdul-Jabbar
98.7%
33643Kobe Bryant
98.1%
36928Karl Malone
97.5%
32292Michael Jordan
97.5%
27409Moses Malone
97.5%
31419Wilt Chamberlain
96.9%
28596Shaquille O'Neal
96.2%
27521LeBron James
95.6%
13309Jermaine O'Neal
95.6%
19600Joe Johnson
95%
19202Eddie Johnson
95%
17707Magic Johnson
95%
17231Jeff Malone
95%
15535Dennis Johnson
95%
13892Marques Johnson
95%
11825Vinnie Johnson
95%
13127Kevin Johnson
95%
12748Mickey Johnson
95%
29586Dirk Nowitzki
94.3%
26496Tim Duncan
94.3%
26946Hakeem Olajuwon
92.5%
25192Jerry West
91.8%
13362David West
91.8%
26071Kevin Garnett
91.2%
26356Paul Pierce
91.2%
21791Larry Bird
91.2%
14467Rickey Pierce
90.6%
24505Ray Allen
89.9%
24368Allen Iverson
89.3%
26710Oscar Robertson
88.7%
25279Reggie Miller
88.7%
24815Patrick Ewing
88.7%
20790David Robinson
88.7%
20795Dwayne Wade
87.4%
19840Scottie Pippen
87.4%
18822Isiah Thomas
87.4%
18426Kevin Durant
87.4%
16278Andre Miller
87.4%
26395John Havlicek
86.8%
19591Clifford Robinson
86.8%
14234Glenn Robinson
86.8%
12690Dell Curry
86.8%
12065Truck Robinson
86.8%
11889Stephan Curry
86.8%
26668Dominique Wilkins
86.2%
12810Mychal Thompson
85.5%
15411Sam Jones
84.9%
23757Charles Barkley
84.3%
22195Clyde Drexler
84.3%
14155Eddie Jones
84.3%
27313Elvin Hayes
83.6%
17335Kevin McHale
83.6%
24186Vince Carter
81.8%
25613Alex English
81.1%
23334Robert Parish
81.1%
18118Tony Parker
79.9%
17529Jason Kidd
79.9%
17387Steve Nash
79.9%
16320James Worthy
79.9%
15373Tim Hardaway
79.9%
18381Tracy McGrady
79.2%
23149Elgin Baylor
78%
19521Walter Davis
78%
13447Baron Davis
78%
13611Russell Westbrook
77.4%
14093Gus Williams
76.7%
13437Deron Williams
76.7%
16784Buck Williams
76.1%
19944Herb Williams
76.1%
19711John Stockton
75.5%
12976Stephen Jackson
75.5%
12700Jim Jackson
75.5%
12507Mark Jackson
75.5%
19655Bernarld King
74.8%
23177Adrian Dantley
74.2%
23166Carmelo Anthony
74.2%
21813Gary Payton
74.2%
18364Julius Erving
74.2%
16960Bob Cousy
74.2%
15802Chauncey Billups
74.2%
13895Bob Love
74.2%
12183James Harden
74.2%
17189Chris Bosh
73.6%
16055Dwight Howard
73.6%
PTS Player % Correct
15994Amar'e Stoudemire
73%
16262Randy Smith
72.3%
16159Juwan Howard
72.3%
13430Steve Smith
72.3%
15948Pete Maravich
71.7%
14399Jo Jo White
71.7%
12994Josh Smith
71.7%
12339A.C Green
71.7%
20042Antawn Jamison
71.1%
15056Chris Paul
70.4%
12292Johnny Green
70.4%
17253Kevin Willis
69.2%
17137Grant Hill
69.2%
15647Antoine Walker
69.2%
18831Chet Walker
68.6%
14522Bill Russell
68.6%
14018Fred Brown
68.6%
12391Cazzie Russell
68.6%
17182Chris Webber
67.9%
13790Bill Laimbeer
67.9%
17911Chris Mullin
66.7%
17454Earl Monroe
66.7%
16401Joe Dumars
64.8%
20880Bob Pettit
64.2%
18787Bob McAdoo
64.2%
16297Stephon Marbury
62.3%
16006Rasheed Wallace
62.3%
14574Richard Jefferson
62.3%
17772Lenny Wilkens
61.6%
13821Al Jefferson
61.6%
16827Elton Brand
61%
15708Richard Hamilton
61%
15347Shawn Kemp
61%
16409Jerry Stackhouse
59.7%
17955World B. Free
59.1%
18483Jason Terry
58.5%
17700Shawn Marion
58.5%
12430Charles Oakley
57.2%
19577Pau Gasol
56.6%
18395Rick Barry
56.6%
15980Kiki Vandeweghe
56%
12996Horace Grant
54.1%
20708George Gervin
53.5%
17623Rolando Blackman
53.5%
14551Allan Houston
53.5%
13647Peja Stojakovic
53.5%
20941Walt Bellamy
52.8%
18336Glen Rice
52.8%
15586Terry Porter
52.2%
14644Jason Richardson
51.6%
12194Willis Reed
51.6%
16712Latrell Sprewell
50.3%
21586Hal Greer
49.1%
20497Mitch Richmond
49.1%
19004Dale Ellis
49.1%
13398Vlade Divac
49.1%
13320Jalen Rose
49.1%
20049Tom Chambers
48.4%
15581Walt Frazier
48.4%
14465Monta Ellis
48.4%
17045Zach Randolph
47.8%
19248Bob Lanier
47.2%
18458Mark Aguirre
47.2%
16481Tiny Archibald
45.9%
19015Reggie Theus
44.7%
15659Jeff Hornacek
44.7%
15097Bryon Scott
44.7%
14396LaMarcus Aldridge
44%
12489Red Kerr
44%
13516Dave Cowens
43.4%
18327Dave Bing
42.8%
14698Mike Bibby
42.8%
19181Gail Goodrich
42.1%
14644Jamaal Wilkes
42.1%
12871Rik Smits
42.1%
17287Jack Sikma
41.5%
12195Tom Heinsohn
41.5%
14311Alonzo Mourning
40.9%
18438Dolphe Schayes
40.3%
14659Dan Issel
40.3%
13910Alvan Adams
40.3%
12417Kevin Martin
40.3%
17507Jamal Crawford
39.6%
15761Detlef Schrempf
39.6%
PTS Player % Correct
15687Larry Nance
39.6%
13626Billy Cunningham
39.6%
15079Dick Van Arsdale
39%
14232Tom Van Arsdale
39%
14053Jerry Lucas
39%
12367Maurice Lucas
39%
19962Mookie Blaylock
39%
17949Calvin Murphy
38.4%
12227Maurice Cheeks
38.4%
19460Terry Cummings
37.7%
17600Otis Thorpe
37.7%
15579Rashard Lewis
37.7%
14437Nate Thurmond
37.1%
14470Hersey Hawkins
36.5%
13383Rudy Tomjanovich
36.5%
11731Sidney Moncrief
35.2%
15579Artis Gilmore
34%
15028Shareef Abdur-Rahim
34%
14463Rod Strickland
34%
11988Michael Redd
34%
11964Danny Ainge
33.3%
14053Dave DeBusschere
32.7%
11842Vin Baker
32.7%
14607Purvis Short
32.1%
13858Chuck Person
32.1%
17306Michael Finley
31.4%
13976Carlos Boozer
31.4%
12964Bob Boozer
31.4%
17940Lou Hudson
30.8%
16006Derek Harper
30.8%
13910Ron Harper
30.8%
12455Caron Butler
30.8%
15324Sam Perkins
30.2%
12713Bill Cartwright
30.2%
15840Jack Twyman
29.6%
17770Bailey Howell
28.9%
15635Sam Cassell
28.9%
11825Jerome Kersey
28.9%
12131Norm Nixon
28.9%
13017Metta World Peace
28.3%
12670Bill Sharman
28.3%
14676Richie Guerin
27%
13070Luol Deng
27%
15530Bob Dandridge
26.4%
14862James Edwards
26.4%
14592Spencer Haywood
26.4%
13623Orlando Woolridge
26.4%
12809Paul Westphal
25.8%
13606Xavier McDaniel
22.6%
13742Rudy Gay
22%
12177Kelly Tripucka
20.8%
15358Dickk Barnett
20.1%
15291John Drew
20.1%
13237Al Harrington
20.1%
13017Jeff Mullins
20.1%
12878Wayman Tisdale
20.1%
13153Manu Ginobli
19.5%
12781Lamar Odom
17.6%
13447Cliff Hagan
17%
12884Derrick Coleman
17%
12665Nick Van Exel
17%
16266Paul Arzin
15.1%
13198Corey Maggette
13.2%
12377Danny Manning
13.2%
12142John Long
13.2%
15016Mike Mitchell
11.9%
12331Andre Iguodala
11.9%
11839Thurl Bailey
11.9%
12396Darrell Griffith
11.3%
12480Joe Barry Carroll
10.7%
12914Kendall Gill
10.1%
12260Antonio McDyess
10.1%
19947Clyde Lovellette
9.4%
12281Sleepy Floyd
7.5%
12658Otis Birdsong
6.9%
11964Cuttino Mobley
6.9%
12803Sidney Wicks
3.8%
12700Armen Gilliam
2.5%
12541Mike Newlin
1.9%
11916Scott Wedman
1.9%
11889David Wesley
1.9%
12740Johnny Newman
1.3%
12544Jack Marin
0.6%

You're not logged in!

Compare scores with friends on all Sporcle quizzes.
OR
Log In

Show Comments

Extras

Top Quizzes Today


Score Distribution

Your Account Isn't Verified!

In order to create a playlist on Sporcle, you need to verify the email address you used during registration. Go to your Sporcle Settings to finish the process.

Report this User

Report this user for behavior that violates our Community Guidelines.

Details: